000 00476nam a2200169Ia 4500
003 GCL
008 140319s9999 xx 000 0 ara d
040 _aGCL /
_cGCL
082 0 4 _aكاسيت
_b315
_bم هـ
100 1 _aالامام محمد عبده
245 1 0 _aاهلا بالطيب الغالى /
_cالامام محمد عبده
260 _a[S.N] :
_bلا يوجد
490 _a
650 0 4 _aالاغانى
650 0 4 _aشرائط كاسيت
942 _2ddc
_cBK
999 _c34134
_d34134